000 00644nam a22002057i 4500
999 _c23650
_d23650
003 AR-CdUCM
008 260428b20222022 pe||||| |||| 00| 0 spa d
020 _a978-84-17079-22-2
040 _aMUNICIPALIDAD PROVINCIAL DEL CUSCO
_cBIBLIOTECA MUNICIPAL DEL CUSCO
041 _hspa
082 _23°ed.
_a808.8
_bD73 / e.3
100 _aDickens, Charles
_9500
245 _aHistoria de dos ciudades /
260 _aEspaña:
_bPlutón Ediciones X, s. I.
_c2022
300 _a284 páginas. :
_c19x13 cm.
505 _aLa época -- Las sombras de la noche
856 _fwww.plutonediciones.com
942 _2ddc
_cLIBROS
945 _apbjr
_d28-04-2026